[Event "Campobasso op 12th"]
[Site "Campobasso"]
[Date "2005.07.10"]
[Round "6"]
[White "Petruccioli, Antonio"]
[Black "Cioce, Enrico"]
[Result "1-0"]
[WhiteElo "2083"]
[BlackElo "1840"]
[PlyCount "160"]
[EventDate "2005.07.08"]
[EventType "swiss"]
[EventRounds "6"]
[EventCountry "ITA"]
[SourceTitle "EXT 2007"]
[Source "ChessBase"]
[SourceDate "2006.11.23"]
[SourceVersion "1"]
[SourceVersionDate "2006.11.23"]
[SourceQuality "1"]

1. e4 c5 2. Nf3 e6 3. c3 d5 4. exd5 exd5 5. d4 Nc6 6. Be2 Nf6 7. 0-0 Be7 8. dxc5 Bxc5 9. Bg5 Be7 10. Na3 0-0 11. Nc2 Qb6 12. Rb1 Bf5 13. Bd3 Be4 14. Ncd4 h6 15. Bf4 Rfe8 16. h3 Rad8 17. Nb5 Rd7 18. Ne5 Nxe5 19. Bxe5 Bxd3 20. Qxd3 Bc5 21. Bd4 a6 22. Bxc5 Qxc5 23. Nd4 Qc4 24. Qxc4 dxc4 25. f3 Rde7 26. Kf2 Nd5 27. g3 Nb6 28. Rfd1 Re5 29. Rd2 g6 30. f4 Re3 31. Rbd1 h5 32. Nf3 R8e4 33. Rd8+ Kg7 34. R1d2 Na4 35. Ne5 h4 36. gxh4 Rxh3 37. R2d4 Rxd4 38. cxd4 Rh2+ 39. Kg3 Rxb2 40. Nxc4 Rxa2 41. Rd7 Rc2 42. Ne5 b5 43. Rxf7+ Kg8 44. Rf6 Rd2 45. Rxg6+ Kh7 46. Rd6 Nc3 47. Kg4 a5 48. f5 Rg2+ 49. Kh3 Rg3+ 50. Kh2 Ne4 51. Rb6 b4 52. f6 Rg8 53. Rb7+ Kh6 54. f7 Rd8 55. Rb6+ Kg7 56. Rg6+ Kh8 57. Rg4 Nf6 58. Rg1 Nh7 59. h5 a4 60. h6 Nf8 61. Nc6 Rd6 62. Rg8+ Kh7 63. Rxf8 Rxh6+ 64. Kg3 Kg7 65. Rb8 Kxf7 66. Ne5+ Ke6 67. Rxb4 Kd5 68. Rxa4 Ke4 69. Nf3 Rg6+ 70. Kf2 Rf6 71. Ra3 Rf8 72. Re3+ Kd5 73. Ke2 Rd8 74. Re5+ Kc4 75. Rc5+ Kb4 76. Rc1 Kb5 77. Kd3 Rf8 78. Ne5 Rh8 79. Rb1+ Ka6 80. Kc4 Rh4 1-0

[Event "Campobasso op 12th"]
[Site "Campobasso"]
[Date "2005.07.09"]
[Round "4"]
[White "Borin, Fabio"]
[Black "Cioce, Enrico"]
[Result "1/2-1/2"]
[WhiteElo "2184"]
[BlackElo "1840"]
[PlyCount "94"]
[EventDate "2005.07.08"]
[EventType "swiss"]
[EventRounds "6"]
[EventCountry "ITA"]
[SourceTitle "EXT 2007"]
[Source "ChessBase"]
[SourceDate "2006.11.23"]
[SourceVersion "1"]
[SourceVersionDate "2006.11.23"]
[SourceQuality "1"]

1. e4 e5 2. Nf3 Nf6 3. Nc3 Nc6 4. d4 Bb4 5. Nxe5 Nxe5 6. dxe5 Nxe4 7. Qg4 d5 8. Qxg7 Rf8 9. a3 Bc5 10. Nxe4 dxe4 11. Bg5 Qd4 12. Be3 Qxb2 13. Bxc5 Qc3+ 14. Kd1 Qxc5 15. Rb1 Bd7 16. Qf6 Ba4 17. Rb2 Qc3 18. Bb5+ Bxb5 19. Rxb5 Rd8+ 20. Kc1 Rd2 21. Rb2 Rg8 22. Qf4 Rd4 23. Qf5 Rg6 24. Qc8+ Rd8 25. Qxb7 Qxa3 26. e6 Rxe6 27. Qxc7 Rdd6 28. Qb8+ Ke7 29. Rd1 Qa1+ 30. Rb1 Rxd1+ 31. Kxd1 Qd4+ 32. Ke1 Rd6 33. Rb7+ Rd7 34. Rxd7+ Kxd7 35. Qb5+ Kd6 36. Qb8+ Ke7 37. Qc7+ Ke6 38. Qc8+ Ke7 39. Qb7+ Kf8 40. Qb8+ Ke7 41. Qc7+ Kf8 42. c3 Qd3 43. Qc5+ Kg7 44. Qe5+ Kf8 45. Qb8+ Kg7 46. Qe5+ Kf8 47. Qb8+ Kg7 1/2-1/2